Sudin's small house

Bibliographic Details
Main Author: Rubil Nur Afzan
Format: Book
Published: Petaling Jaya : Penerbit Pinang , 1996
Series:Heritage series for young readers

MARC

LEADER 00000cam a2200000 7i4500
001 0000063287
005 20220105104216.0
008 160525
020 |a 9789830551074 
020 |a 9830550982 (set) 
020 |a 9830551075 
090 0 0 |a JF   |b ENG 
100 1 |a Rubil Nur Afzan 
245 1 0 |a Sudin's small house   |c Rubil Nur Afzan 
260 |a Petaling Jaya :   |b Penerbit Pinang ,   |c 1996 
300 |a 10 pg :   |b Col., Ill ;   |c 21.5cm. 
490 1 |a Heritage series for young readers 
500 |a Children age 4-6 years old (yellow) 
999 |a 0000601295   |b Book   |c Children Collection   |e Cawangan Pontian 
999 |a 0000601301   |b Book   |c Children Collection   |e Cawangan Tmn. Ungku Tun Aminah